| 000 | 00687nam a2200193 4500 | ||
|---|---|---|---|
| 001 | 145182 | ||
| 003 | ES-MaACL | ||
| 005 | 20250707074238.0 | ||
| 007 | t| | ||
| 008 | 070214s1952 po r ||||1| por d | ||
| 100 | 1 |
_aSousa Ribeiro, Ilidio de. _9107582 |
|
| 245 | 1 | 0 |
_aFr. Francisco de Santo Agostinho de Macedo _b: um filosofo escotista português e um paladino da restauraço / _cIlidio de Sousa Ribeiro. |
| 260 |
_aCoimbra : _bOficinas da Atlantida, _c1952. |
||
| 300 |
_aIX, 175 p. ; _c22 cm. |
||
| 490 | 1 | _aActa universitatis conimbrigensis | |
| 830 | 0 | 0 |
_aActa Universitatis Conimbrigensis _9181764 |
| 852 |
_aES-MaACL _jD-7756 _bR.32304 |
||
| 999 |
_c145182 _d145182 |
||